|
|
|
|
| LEADER |
00000nab a2200000 a 4500 |
| 001 |
vtls000634919 |
| 003 |
SK-MaSNL |
| 005 |
20260304083302.0 |
| 008 |
250425c1997 xo 0 slo |
| 015 |
|
|
|a SNBRB19rr/mm-uuuuu
|
| 035 |
|
|
|a CL0635058
|
| 035 |
|
|
|a (urnnbn)urn:nbn:sk:snk:ar-0069d4
|
| 035 |
|
|
|a (uuid)27e03b44-1c43-4096-9270-09ddfb68b992
|
| 035 |
|
|
|a urn:nbn:sk:snk-ab84rm
|
| 040 |
|
|
|a SNKBUCL
|b slo
|c SNKBUCL
|e AACR2
|
| 041 |
0 |
|
|a slo
|
| 044 |
|
|
|a xo
|c SK
|
| 080 |
|
|
|a 801-051(016)
|2 1981
|
| 080 |
|
|
|a 808.54-051(016)
|2 1981
|
| 080 |
|
|
|a 016:80
|2 1981
|
| 245 |
0 |
0 |
|a Súpis prác Izidora Kotuliča za roky 1987-1995 ; Zost. Ladislav Dvonč
|
| 500 |
|
|
|a Nadväzuje na Súpis prác Izidora Kotuliča za roky 1976-1985 (Jaz. čas., 38, 1987, s. 81-83)
|
| 600 |
1 |
7 |
|a Kotulič, Izidor,
|d 1927-2012
|2 snkbucl
|9 104520
|
| 648 |
|
7 |
|a 1987-1995
|2 SNKPH
|9 1373653
|
| 650 |
0 |
7 |
|a jazykovedné práce
|2 SNKPH
|9 465212
|
| 655 |
|
7 |
|a bibliografické súpisy
|2 snkbucl
|9 269543
|
| 655 |
|
7 |
|a články z novín a časopisov
|2 snkbucl
|9 267496
|
| 700 |
1 |
|
|a Dvonč, Ladislav,
|d 1926-2003
|4 com
|9 101854
|
| 773 |
0 |
|
|t Jazykovedný časopis
|g Roč. 48, č. 1 (1997), s. 74-75
|x 0021-5597
|
| 850 |
|
|
|a Slovenská národná knižnica
|
| 852 |
|
|
|a Slovenská národná knižnica
|
| 954 |
|
|
|a odborná, vedecká literatúra pôvodná (slovenská)
|2 lita
|
| 958 |
|
|
|a article9
|
| 958 |
|
|
|a OND
|
| 958 |
|
|
|a SK
|
| 958 |
|
|
|a SF
|
| 958 |
|
|
|a RK
|
| 958 |
|
|
|a EUIPO
|
| 992 |
|
|
|a RBX
|
| 999 |
|
|
|c 2800169
|d 2802099
|